Spaľovacie zariadenia a výmenníky tepla

Bibliographic Details
Main Author: Kabát, Viktor, 1935- (Author)
Format: Book
Language:Slovak
PhysicalDescription:173 s., 13,248 AH Tb. Sch. 29 cm
Published: Bratislava Slovenská vysoká škola technická 1983
Edition:1. vyd.

MARC

LEADER 00000nam a2200000 a 4500
001 vtls001091054
003 SK-MaSNL
005 20260301062409.0
008 250414s1983 xo 0 slo
015 |a SNBA1983/04 
035 |a SNK000033896 
040 |a SNK  |b slo  |c SNK  |e AACR2 
041 0 |a slo 
044 |a xo  |c SK 
080 |a 662.92+66.045(075.8)  |2 1981 
080 |a 66.045(075.8)  |2 1981 
100 1 |a Kabát, Viktor,  |d 1935-  |4 aut  |9 38926 
245 1 0 |a Spaľovacie zariadenia a výmenníky tepla  |c Viktor Kabát 
250 |a 1. vyd. 
260 |a Bratislava  |b Slovenská vysoká škola technická  |c 1983  |e Bratislava  |f Edičné stredisko SVŠT 
300 |a 173 s., 13,248 AH  |b Tb. Sch.  |c 29 cm 
366 |e 150 výtl. 
500 |a Lit. 19. Schválilo MŠ SSR ako skriptum. Rozmn. 19 zázn. v slov. a češ. 
852 |a Slovenská národná knižnica 
954 |a spaľovanie  |a zariadenia spaľovacie  |a výmenníky tepla 
958 |a OND 
958 |a NB 
958 |a RM 
958 |a UV 
999 |c 620481  |d 622411 
952 |t P60, <04>, [BOOK], {604}  |a SNK  |b SNK  |y VYP  |7 0  |p 17A0238773  |o snkSB 35367 D1  |0 0  |1 0  |4 0  |d 2000-05-17  |l 0  |r 2004-12-31 00:00:00  |w 2026-02-23 
952 |a SNK  |b SNK  |y PREZ  |7 0  |p 17A0782317  |o snkSB 35367  |0 0  |1 0  |4 0  |d 2012-03-14  |f 1  |l 0  |r 2025-04-11 00:00:00  |w 2026-02-23